000 00517nam a2200181Ia 4500
005 20250326124124.0
008 250326s9999 xx 000 0 und d
037 _aTextbook
040 _aFMSL
_beng
_cFMSL
041 _aeng
_2eng
084 _aX:51 K4;2
_qFMSL
100 _aMatthews J B
_9736823
245 0 _aMarketing: introductory analysis
_cMatthews J B; Buzzell R D And Others
260 _aNY
_bNY, McGraw-Hill
_c1964
300 _a612p
942 _cTB
_hX:51 K4;2
999 _c1272390
_d1272390